| Tag |
First Indicator |
Second Indicator |
Subfields |
| LEADER |
00000cam a2200000Ia 4500 |
| 001 |
in00001681621 |
| 005 |
20151024134243.0 |
| 008 |
020301s2002 gw a b 101 0 eng d |
| 016 |
7 |
|
|a 963247816
|2 GyFmDB
|
| 020 |
|
|
|a 3540423168 (hd.bd.)
|
| 035 |
|
|
|a (OCoLC)ocm49229025
|
| 040 |
|
|
|a OHX
|c OHX
|d UMC
|d AGL
|d TXA
|d UtOrBLW
|
| 049 |
|
|
|a TXAM
|
| 070 |
0 |
|
|a QH447
|b .H83 2002
|
| 072 |
|
7 |
|a QH
|2 lcco
|
| 072 |
|
7 |
|a RB
|2 lcco
|
| 072 |
|
0 |
|a X300
|
| 090 |
|
|
|a QH447
|b .H86 2002
|
| 245 |
0 |
4 |
|a The human genome :
|b biology and medicine /
|c A. Rosenthal, L. Vakalopoulou, editors.
|
| 264 |
|
1 |
|a Berlin ;
|a New York :
|b Springer,
|c [2002]
|
| 264 |
|
4 |
|c ©2002
|
| 300 |
|
|
|a xv, 138 pages :
|b illustrations ;
|c 22 cm.
|
| 336 |
|
|
|a text
|b txt
|2 rdacontent
|
| 337 |
|
|
|a unmediated
|b n
|2 rdamedia
|
| 338 |
|
|
|a volume
|b nc
|2 rdacarrier
|
| 490 |
1 |
|
|a Ernst Schering Research Foundation workshop,
|x 0947-6075 ;
|v 36
|
| 504 |
|
|
|a Includes bibliographical references and index.
|
| 650 |
|
0 |
|a Human genome
|v Congresses.
|
| 610 |
2 |
0 |
|a Human Genome Project
|v Congresses.
|
| 650 |
|
0 |
|a Human gene mapping
|v Congresses.
|
| 700 |
1 |
|
|a Rosenthal, A.
|
| 700 |
1 |
|
|a Vakalopoulou, L.
|
| 830 |
|
0 |
|a Ernst Schering Research Foundation workshop.
|x 0947-6075 ;
|v 36.
|
| 938 |
|
|
|a Otto Harrassowitz
|b HARR
|n har020002176
|c 53.45 DEM
|
| 994 |
|
|
|a E0
|b TXA
|
| 948 |
|
|
|a cataloged
|b h
|c 2002/6/19
|d c
|e bwalker
|f 1:55:08 pm
|
| 999 |
|
|
|a MARS
|
| 999 |
f |
f |
|s 7051e8f9-9306-3606-9e23-3abd55e2c019
|i a0f2082b-185e-3102-8790-4bfdb4b01595
|t 0
|
| 952 |
f |
f |
|p ric
|a Texas A&M University
|b Rellis Campus
|c Joint Library Facility
|d Remote Storage
|t 0
|e QH447 .H86 2002
|h Library of Congress classification
|i unmediated -- volume
|m A14829183270
|
| 998 |
f |
f |
|a QH447 .H86 2002
|t 0
|l Remote Storage
|